000
00398nam a2200133Ia 4500
008
151001s9999||||xx |||||||||||||| ||und||
100
_a
स्टोलबर्ग
245
_a
सुरक्षा और प्राथमिक चिकित्सा
250
_a
1
260
_b
जनवाणी प्रकाशन
260
_c
1999
300
_a
103
365
_b
21
999
_c
978991
_d
978988